Animals by Silhouette - Statistics

General Stats
  • This quiz has been taken 16 times
  • The average score is 15 of 16
Answer Stats
Picture Answer % Correct
Butterfly
100%
Deer
100%
Elephant
100%
Fox
100%
Giraffe
100%
Lion (Female)
100%
Lion (Male)
100%
Rabbit
100%
Rhino
100%
Cow (Bull)
93%
Goat (Mountain Goat)
93%
Cheetah
87%
Moose
87%
Buffalo
73%
Elk
73%
Panther
67%
No matching quizzes found
Score Distribution
Percent of People with Each Score
Percentile by Number Answered
Your Score History
You have not taken this quiz